00868 a2200181 4500003000500000005001700005020001500022040000900037082001600046100002200062245008100084250001200165260003200177300001100209505042100220650002200641700002300663Nust20230221084247.0 a0071263284 cNust a515.921,BRO aBrown, James Ward aComplex Variables and Applications /cJames Ward Brown and Ruel V. Churchill a7th ed. aNew YorkbMcGraw-Hillc2004 a458 p. aComplex Numbers (Page-1), Analytic Functions (Page-33), Elementary Functions (Page-87), Integrals (Page-111), Series (Page-175), Residues and Poles (Page-221), Applications of Residues (Page-251), Mapping by Elementary Functions (Page-299), Conformal Mapping (Page-343), Applications of Conformal Mapping (Page-361), The Schwarz-Chistoffel Transformation (Page-391), Integral Formulas of the Poisson Type (Page-417). aComplex variables aChurchill, Ruel V.